000 00855cac a2200265 a 4500
003 Co-PeBPM
005 20260329205203.0
007 ta
008 240613s1983IIIIck ax ||||||||||||||spaund||
020 _a8472142728
040 0 _aCo-PeBPM
_bspa
_cCo-PeBPM
_erda
041 _aspa
082 0 4 _a574 G698pu
_222
100 1 _aGould, Stephen Jay
_eautor
245 1 0 _aEl pulgar del Panda
_b: ensayos sobre evolución
_c/ Stephen Jay Gould; traducción Antonio Resines
260 _aMadrid, España
_b: Hermann Blume
_c, 1983
300 _a352 páginas
_b: ilustraciones en blanco y negro
_c; 21 centímetros
500 _aIncluye ìndice.
504 _aIncluye bibliografía.
650 1 7 _aHistoria natural
_2LEMB
650 1 7 _aEvolución
_2LEMB
650 1 7 _aEnsayos, conferencias
_2LEMB
700 _aResines, Antonio
_etraducción
942 _2ddc
_cBK
999 _c107266
_d107266